IMF study explores major issues related to the international monetary system.

Podrobný referát o štúdii vypracovanej odborom výskumu Medzinárodného menového fondu o politike a tendenciách v rozvíjajúcej sa menovej sústave sveta. Navrhuje opatrenia na posilnenie národnej menovej politiky štátov, sledovanie tejto politiky a jej koordináciu, ako aj pôsobenie na charakter záväzko...

ver descrição completa

Na minha lista:
Detalhes bibliográficos
Formato: Capítulo de Livro
Idioma:inglês
Assuntos:
Tags: Adicionar Tag
Sem tags, seja o primeiro a adicionar uma tag!

MARC

LEADER 00000naa a2200000 4500
001 r012868
005 20221130111701.4
041 0 |a eng 
044 |a US 
245 1 0 |a IMF study explores major issues related to the international monetary system. 
520 |a Podrobný referát o štúdii vypracovanej odborom výskumu Medzinárodného menového fondu o politike a tendenciách v rozvíjajúcej sa menovej sústave sveta. Navrhuje opatrenia na posilnenie národnej menovej politiky štátov, sledovanie tejto politiky a jej koordináciu, ako aj pôsobenie na charakter záväzkov v oblasti menových kurzov, kde sa javia slabiny medzinárodnej menovej sústavy. Charakteristika menového vývoja v jednotlivých regiónoch sveta. 
610 2 0 |a sústava menová 
610 2 0 |a svet 
610 2 0 |a styk platobný medzinárodný 
610 2 0 |a Medzinárodný menový fond 
610 2 0 |a politika menová 
610 2 0 |a kurz menový